The encyclopedia of world history : volume-XII
| Main Author: | |
|---|---|
| Other Authors: | |
| Format: | Book |
| Published: |
Delhi :
Domonant Publishers and Distributors ,
2003
|
| Subjects: |
MARC
| LEADER | 00000cam a2200000 7i4500 | ||
|---|---|---|---|
| 001 | 0000019595 | ||
| 005 | 20080618.0 | ||
| 008 | 080529 | ||
| 020 | |a 8178881209 | ||
| 090 | 0 | 0 | |a 909.03 |b WAL |
| 100 | 1 | |a Walsh, Patrick | |
| 245 | 1 | 4 | |a The encyclopedia of world history : |b volume-XII |c Patrick Walsh, Susan Mulrony |
| 260 | |a Delhi : |b Domonant Publishers and Distributors , |c 2003 | ||
| 650 | 0 | |a World History | |
| 700 | 1 | |a Mulrony, Susan | |
| 999 | |a 0001024008 |b Book |c REFERENCE |e Perbadanan Perpustakaan Awam Johor | ||